Prístupy k privatizácii v poľnohospodárstve.

Špecifiká transformácie v poľnohospodárstve dané najmä družstevným vlastníctvom. Možné riešenia vlastníckych vzťahov. Štátne podniky hospodáriace na pôde. Družstvá pôvodných vlastníkov, resp. družstvá založené na princípoch podielnickeho vlastníctva. Privatizácia formou akciovej spoločnosti. Postupn...

Descripción completa

Guardado en:
Detalles Bibliográficos
Autor principal: Ižáková, Viera
Formato: Capítulo de libro
Lenguaje:eslovaco
Materias:
Etiquetas: Agregar Etiqueta
Sin Etiquetas, Sea el primero en etiquetar este registro!

MARC

LEADER 00000naa a2200000 4500
001 r008502
005 20220831091130.5
041 0 |a slo 
044 |a [CS] 
245 1 0 |a Prístupy k privatizácii v poľnohospodárstve.  |c V. Ižáková 
520 |a Špecifiká transformácie v poľnohospodárstve dané najmä družstevným vlastníctvom. Možné riešenia vlastníckych vzťahov. Štátne podniky hospodáriace na pôde. Družstvá pôvodných vlastníkov, resp. družstvá založené na princípoch podielnickeho vlastníctva. Privatizácia formou akciovej spoločnosti. Postupný predaj ekonomickým prenájmom. Roľnícke družstvá a úskalia ich transformácie. 
610 2 0 |a privatizácia 
610 2 0 |a poľnohospodárstvo 
610 2 0 |a vlastníctvo družstevné 
610 2 0 |a podnik štátny 
610 2 0 |a spoločnosti akciové 
610 2 0 |a prenájom 
610 2 0 |a družstvá poľnohospodárske 
610 2 0 |a JRD 
610 2 0 |a vlastníctvo súkromné 
610 2 0 |a transformácia 
100 1 |a Ižáková, Viera